Countries Closest to Aruba with a Radial Map - Statistics

General Stats
  • This quiz has been taken 242 times
  • The average score is 17 of 18
Answers on the Map
Answers color-coded by a green-red scale on the quiz's map according to % correct below.
 
Answer Stats
Country % Correct
Bahamas
99%
Brazil
99%
Colombia
99%
Cuba
99%
Dominica
99%
Haiti
99%
Panama
99%
Venezuela
99%
Dominican Republic
98%
Guyana
98%
Jamaica
98%
Trinidad and Tobago
95%
Barbados
94%
Saint Kitts and Nevis
94%
Saint Lucia
94%
Grenada
93%
Saint Vincent and the Grenadines
93%
Antigua and Barbuda
92%
No matching quizzes found
Score Distribution
Percent of People with Each Score
Percentile by Number Answered
Your Score History
You have not taken this quiz